000 00463 a2200145 4500
040 _aDLC
_bDLC
082 _a301.420973
100 _aAdams, Bert N.
245 _aThe American family: a sociological interpretation
_ca sociological interpretation
_hBert N, Adams
260 _aIslamabad:
_b National Book Foundation,
_c1971.
300 _axv, 382 p.
_bill.
_c24 cm.
500 _aIncludes Index
650 _aFamily --United States.
942 _cBK
_k301.420973 ADA
_2ddc
999 _c7184
_d7184